000
00297nam a2200121Ia 4500
008
191201s2010 xx 000 0 und d
100
_a
NARULA, SS
245
0
_a
Innovative Strategies for Value Creation
260
_a
N. Delhi
_b
G K Publishers
_c
2010
300
_a
203
650
_a
BBA
942
_2
ddc
_c
BK
999
_c
72
_d
72